[Event "28th 4NCL Congress"]
[Site "Leamington Spa"]
[Date "2022.07.10"]
[Round "4"]
[Board "25"]
[White "David, Barry AH"]
[Black "Acharya, Kandara"]
[Result "1/2-1/2"]
[WhiteElo "1670"]
[BlackElo "1748"]
[PlyCount "83"]
[EventDate "2022.07.08"]
[EventRounds "5"]
[EventCountry "ENG"]

1. e4 c5 2. Nf3 g6 3. d4 cxd4 4. Nxd4 Nc6 5. Nc3 Bg7 6. Be3 Nf6 7. f3 O-O 8.
Qd2 d5 9. exd5 Nxd5 10. Nxc6 bxc6 11. Bd4 Qa5 12. Bxg7 Kxg7 13. Qd4+ f6 14. Bd3
Nxc3 15. bxc3 e5 16. Qb4 Qxb4 17. cxb4 a5 18. Be4 axb4 19. Bxc6 Ra6 20. Bd5 Bf5
21. Bb3 Rc8 22. Rc1 Be6 23. Kd2 Bxb3 24. axb3 Rd6+ 25. Ke2 Rdc6 26. Kd2 f5 27.
Rhe1 Kf6 28. Re3 Rd8+ 29. Rd3 Rxd3+ 30. Kxd3 Rc3+ 31. Kd2 e4 32. fxe4 fxe4 33.
Re1 Ke5 34. Ra1 e3+ 35. Kc1 e2 36. Kd2 Kd4 37. Re1 Re3 38. Rxe2 Rxe2+ 39. Kxe2
Ke4 40. Kd2 Kd4 41. Kc1 Kc3 42. Kd1  1/2-1/2

[Event "28th 4NCL Congress"]
[Site "Leamington Spa"]
[Date "2022.07.10"]
[Round "4"]
[Board "27"]
[White "Loog, Tiiu"]
[Black "Fisher, Neal"]
[Result "1-0"]
[WhiteElo "1576"]
[BlackElo "1732"]
[PlyCount "119"]
[EventDate "2022.07.08"]
[EventRounds "5"]
[EventCountry "ENG"]

1. d4 d5 2. Bf4 Nf6 3. e3 c6 4. c3 Qb6 5. Qc1 Bf5 6. Nd2 e6 7. h3 h5 8. Ngf3
Nbd7 9. Ne5 Nxe5 10. Bxe5 Ne4 11. Nxe4 Bxe4 12. Qd2 Rc8 13. f3 Bg6 14. Bg3 c5
15. Be2 c4 16. Bd1 Bd6 17. Bxd6 Qxd6 18. Qf2 b5 19. Bc2 Bxc2 20. Qxc2 O-O 21.
O-O f5 22. f4 b4 23. Rfb1 Rb8 24. b3 bxc3 25. Qxc3 cxb3 26. axb3 Rfc8 27. Qd3
Rb7 28. Rc1 Rxc1+ 29. Rxc1 Qa3 30. Rc8+ Kh7 31. Rc3 a5 32. Kh2 a4 33. bxa4 Qxa4
34. Qc2 Qa1 35. Rb3 Ra7 36. Qc6 Ra6 37. Rb6 Rxb6 38. Qxb6 Qe1 39. Qxe6 g6 40.
Qf7+ Kh8 41. Qxd5 h4 42. Qd8+ Kg7 43. Qe7+ Kh6 44. Qg5+ Kg7 45. d5 Qxe3 46.
Qxh4 Qd2 47. Qe7+ Kh6 48. Qe5 Kh7 49. d6 Kg8 50. Kg3 Qd3+ 51. Kh4 Qd1 52. Qe6+
Kh7 53. Qe7+ Kh6 54. d7 Qd4 55. Qg5+ Kh7 56. d8=Q Qf2+ 57. g3 Qf3 58. Qde7+ Kh8
59. Qh6+ Kg8 60. Qhg7#  1-0

[Event "28th 4NCL Congress"]
[Site "Leamington Spa"]
[Date "2022.07.10"]
[Round "4"]
[Board "28"]
[White "Pyda, Arjun"]
[Black "O'Gorman, Brendan"]
[Result "1-0"]
[WhiteElo "1789"]
[BlackElo "1762"]
[PlyCount "145"]
[EventDate "2022.07.08"]
[EventRounds "5"]
[EventCountry "ENG"]

1. e4 c5 2. Nf3 e6 3. d4 cxd4 4. Nxd4 Nf6 5. Nc3 Nc6 6. a3 Be7 7. Be2 O-O 8.
O-O d6 9. Be3 a6 10. Qd2 Bd7 11. Rad1 Nxd4 12. Bxd4 Bc6 13. Qe3 Nd7 14. Qd2 Nc5
15. f3 Bg5 16. f4 Be7 17. Qe3 Qc7 18. e5 Nd7 19. exd6 Bxd6 20. Qg3 e5 21. fxe5
Bxe5 22. Bxe5 Qxe5 23. Bf3 Qxg3 24. hxg3 Bxf3 25. gxf3 Nf6 26. Nd5 Nxd5 27.
Rxd5 Rac8 28. c3 Rfe8 29. Kf2 Rc7 30. Re1 Kf8 31. Red1 Rce7 32. R1d2 Re6 33.
Rd7 R8e7 34. f4 h5 35. R7d5 g6 36. c4 Re4 37. b3 h4 38. R5d3 h3 39. Kf3 Re1 40.
Rh2 Rf1+ 41. Kg4 f5+ 42. Kg5 Rh7 43. Kxg6 Rg7+ 44. Kxf5 Rf7+ 45. Kg4 Rg7+ 46.
Kf5 Rh7 47. Ke6 Re1+ 48. Kd6 Rg1 49. g4 Rxg4 50. Rhxh3 Rxh3 51. Rxh3 Rxf4 52.
Rh8+ Kg7 53. Rb8 Rf6+ 54. Kc5 Rc6+ 55. Kd5 Rb6 56. b4 Kf6 57. Re8 Kf7 58. Re3
Rh6 59. c5 Rg6 60. Kc4 Rg4+ 61. Kd5 Rg6 62. a4 Rh6 63. Re4 Rg6 64. b5 axb5 65.
axb5 Rg1 66. Kd6 Rc1 67. Re7+ Kf6 68. Rxb7 Rd1+ 69. Kc6 Ke6 70. b6 Rd2 71. Rh7
Rc2 72. b7 Rb2 73. Rh8  1-0

[Event "28th 4NCL Congress"]
[Site "Leamington Spa"]
[Date "2022.07.10"]
[Round "4"]
[Board "29"]
[White "Berridge, Martin"]
[Black "Vdovycia, Titas"]
[Result "1/2-1/2"]
[WhiteElo "1693"]
[BlackElo "1734"]
[PlyCount "61"]
[EventDate "2022.07.08"]
[EventRounds "5"]
[EventCountry "ENG"]

1. e4 e5 2. Nf3 Nf6 3. Nxe5 d6 4. Nf3 Nxe4 5. d4 d5 6. Bd3 Nc6 7. c3 Bd6 8. O-O
O-O 9. Re1 Re8 10. Be3 Bg4 11. Nbd2 Qd7 12. Nf1 Ne7 13. Be2 Ng6 14. N3d2 Bf5
15. Nxe4 Bxe4 16. Bd3 Nf4 17. Bxf4 Bxf4 18. Bxe4 dxe4 19. Qc2 f5 20. Ne3 c6 21.
Rad1 Qf7 22. b3 Rad8 23. Qe2 Re6 24. Qc4 Bxe3 25. fxe3 Kh8 26. Rf1 Rd5 27. Qe2
g5 28. g3 Qg6 29. Kh1 Rd7 30. Rf2 h5 31. Rdf1  1/2-1/2

[Event "28th 4NCL Congress"]
[Site "Leamington Spa"]
[Date "2022.07.10"]
[Round "4"]
[Board "30"]
[White "Sharpe, Peter T"]
[Black "Lekoudis, George"]
[Result "1/2-1/2"]
[WhiteElo "1757"]
[BlackElo "1775"]
[PlyCount "85"]
[EventDate "2022.07.08"]
[EventRounds "5"]
[EventCountry "ENG"]

1. d4 Nf6 2. Nc3 d5 3. Bg5 e6 4. e3 Be7 5. Nf3 Nbd7 6. Be2 O-O 7. O-O c5 8. Re1
a6 9. a4 b6 10. dxc5 bxc5 11. a5 Rb8 12. b3 Bd6 13. e4 d4 14. Nb1 h6 15. Bxf6
Qxf6 16. Bd3 e5 17. Nbd2 Bc7 18. Nc4 Re8 19. Qd2 Nf8 20. Reb1 Ng6 21. b4 Qc6
22. bxc5 Qxc5 23. Rxb8 Bxb8 24. Nb6 Bc7 25. Nxc8 Rxc8 26. Bxa6 Ra8 27. Bd3 Bxa5
28. Qc1 Rb8 29. Rb1 Rxb1 30. Qxb1 Bb4 31. Qb3 Qe7 32. Bc4 Kf8 33. Bxf7 Nf4 34.
Bc4 Bd6 35. Qa4 Qb7 36. Qb5 Qxe4 37. Qb1 Nxg2 38. Kxg2 Qg4+ 39. Kf1 Qxf3 40.
Qa2 Qb7 41. Bg8 Qh1+ 42. Ke2 Qe4+ 43. Kf1  1/2-1/2

[Event "28th 4NCL Congress"]
[Site "Leamington Spa"]
[Date "2022.07.10"]
[Round "5"]
[Board "1"]
[White "Sangha, Manpreet"]
[Black "Tomlinson, Zak"]
[Result "0-1"]
[WhiteElo "1976"]
[BlackElo "1847"]
[PlyCount "0"]
[EventDate "2022.07.08"]
[EventRounds "5"]
[EventCountry "ENG"]

1. e4 e5 2. Bc4 Nf6 3. d3 c6 4. Nf3 d5 5. Bb3 Bd6 6. O-O O-O 7. Bg5 dxe4 8. dxe4 h6 9. Bh4 Bg4 10. Nbd2 Nbd7 11. Nc4 Bc7 12. Ne3 Qe8 13. Nxg4 Nxg4 14. Qe2 Ngf6 15. Nd2 g5 16. Bg3 Nc5 17. h4 g4 18. f3 Bb6 19. Kh2 Nxb3 20. axb3 Qe6 21. Nc4 Bc7 22. Ne3 h5 23. Nf5 gxf3 24. gxf3 Ne8 25. Rg1 Kh7 26. f4 Nf6 27. fxe5 Bxe5 28. Kh1 Rg8 29. Raf1 Bxg3 30. Nxg3 Rg4 31. Nf5 Rag8 32. e5 Rxg1+ 33. Rxg1 Rxg1+ 34. Kxg1 Qxf5 35. exf6 Qg4+ 36. Qxg4 hxg4 37. Kf2 Kg6 38. Kg3 Kh5 39. b4 b6 40. b3 a6 41. c3 a5 42. bxa5 bxa5 43. c4 c5 44. Kg2 Kxh4 45. Kh2 Kg5 46. Kg3 Kf5 47. Kh4 Kf4 48. Kh5 g3  0-1

[Event "28th 4NCL Congress"]
[Site "Leamington Spa"]
[Date "2022.07.10"]
[Round "5"]
[Board "2"]
[White "Isik, Muhammed Oguz"]
[Black "Garnett, John S"]
[Result "0-1"]
[WhiteElo "1547"]
[BlackElo "1951"]
[PlyCount "0"]
[EventDate "2022.07.08"]
[EventRounds "5"]
[EventCountry "ENG"]

1. e4 d5 2. exd5 Nf6 3. d4 Bg4 4. f3 Bf5 5. g4 Bg6 6. c4 e6 7. dxe6 fxe6 8. Nc3 Nc6 9. d5 exd5 10. cxd5 Nb4 11. Bb5+ Nd7 12. Qe2+ Be7 13. Ba4 O-O 14. Qe6+ Kh8 15. Qxd7 Qxd7 16. Bxd7 Nc2+ 17. Kd1 Nxa1 18. Ba4 a6 19. h4 b5 20. h5 Bf7 21. h6 g6 22. Be3 bxa4 23. Bd4+ Kg8 24. Nh3 Rad8 25. Re1 Bh4 26. Re5 Bf6 27. Re4 Bxd5 28. Bxf6 Bxe4+ 29. Bxd8 Bxf3+ 30. Kc1 Rxd8 31. g5 Rf8 32. Nf2 Bc6 33. Nfd1 Rf5 34. Kb1 Rxg5 35. Kxa1 Rg1 36. Kb1 Bf3 37. Kc2 Bxd1+ 38. Nxd1 Rxd1 39. Kxd1 Kf7 40. Kd2 g5 41. Kc3 Kg6 42. Kb4 g4 43. Kxa4 g3 44. Ka5 g2 45. b4 g1=Q 46. a3 Kxh6 47. Ka4 Kg5 48. b5 axb5+ 49. Kxb5 Qb6+ 50. Ka4 Qb2 51. Ka5 Qxa3+ 52. Kb5 Qc3 53. Ka6 Qb4 54. Ka7 Kf6  0-1

[Event "28th 4NCL Congress"]
[Site "Leamington Spa"]
[Date "2022.07.10"]
[Round "5"]
[Board "3"]
[White "Johnson, Richard J"]
[Black "Brocklehurst, Andrew"]
[Result "1/2-1/2"]
[WhiteElo "1886"]
[BlackElo "1987"]
[PlyCount "0"]
[EventDate "2022.07.08"]
[EventRounds "5"]
[EventCountry "ENG"]

1. e4 c5 2. Nf3 Nc6 3. d4 cxd4 4. Nxd4 e5 5. Nb5 d6 6. c4 a6 7. N5c3 Be7 8. Na3 Nf6 9. Bg5 O-O 10. Qd2 h6 11. Bxf6 Bxf6 12. Nc2 Be6 13. Rd1 Nd4 14. Nxd4 exd4 15. Nd5 Bxd5 16. cxd5 Qe7 17. Bd3 Bg5 18. f4 Bh4+ 19. Kf1 Qd7 20. g3 Bf6 21. Kg2 Rac8  1/2-1/2

[Event "28th 4NCL Congress"]
[Site "Leamington Spa"]
[Date "2022.07.10"]
[Round "5"]
[Board "4"]
[White "Moss, Jack O"]
[Black "Turner, Lewis A"]
[Result "1/2-1/2"]
[WhiteElo "1766"]
[BlackElo "1986"]
[PlyCount "0"]
[EventDate "2022.07.08"]
[EventRounds "5"]
[EventCountry "ENG"]

1. d4 Nf6 2. Nf3 g6 3. g3 Bg7 4. Bg2 O-O 5. O-O d6 6. b3 c5 7. Bb2 Nc6 8. d5 Nb4 9. c4 Rb8 10. a3 Na6 11. Nc3 Nc7 12. a4 Bg4 13. Nd2 Qd7 14. Nb5 a6 15. Nxc7 Qxc7 16. h3 Bd7 17. a5 Qc8 18. Kh2 Ng4+ 19. hxg4 Bxb2 20. Ra2 Bf6 21. f3 b5 22. axb6 Rxb6 23. Ne4 Bg7 24. g5 Qb7 25. Nd2 Bc3 26. f4 Rb8 27. Rf3 Bxd2 28. Qxd2 Bg4 29. Re3 Rxb3 30. Bh3 Bxh3 31. Kxh3 Qd7+ 32. Kg2 Qb7 33. Ra4 Rb4 34. Qa2 Rxa4 35. Qxa4 e6 36. Kf2 exd5 37. Re8+ Rxe8 38. Qxe8+ Kg7 39. Qd8 Qb2 40. Qxd6 dxc4 41. Qxc5 Qc3 42. g4 h6 43. gxh6+ Kxh6 44. Qf8+ Qg7 45. g5+ Kh7 46. Qc8 Qd4+ 47. e3 Qb2+ 48. Kf3 Qb5 49. e4 Qb3+ 50. Kg4 c3 51. f5 Qd1+ 52. Kg3 Qg1+ 53. Kf4 Qf2+ 54. Ke5 gxf5 55. Qxc3 fxe4 56. Kxe4 Kg6 57. Qc6+ Kxg5 58. Qxa6 f5+ 59. Kd5 f4 60. Qa1 Qd2+ 61. Ke4 Qe3+ 62. Kd5 Kg4 63. Qg7+ Kf3 64. Qh7 Kg2 65. Qc2+ Qf2 66. Qg6+ Kh1 67. Qb1+ Kh2 68. Qh7+ Kg1 69. Qb1+ Qf1  1/2-1/2

[Event "28th 4NCL Congress"]
[Site "Leamington Spa"]
[Date "2022.07.10"]
[Round "5"]
[Board "5"]
[White "Thynne, Trefor F"]
[Black "Dean, Robert A"]
[Result "1/2-1/2"]
[WhiteElo "1897"]
[BlackElo "1843"]
[PlyCount "0"]
[EventDate "2022.07.08"]
[EventRounds "5"]
[EventCountry "ENG"]

1. d4 d5 2. c4 c6 3. Nf3 Nf6 4. e3 Nbd7 5. Nbd2 e6 6. Bd3 dxc4 7. Nxc4 b5 8. Nce5 Nxe5 9. Nxe5 Bb7 10. O-O Bd6 11. b3 Rc8 12. Bb2 a6 13. Qe2 O-O 14. Rad1 Qb6 15. Ng4 Nd5 16. Bb1 f5 17. Ne5 Bxe5 18. dxe5 c5 19. g3 Rcd8 20. e4 Ne7 21. exf5 Nxf5 22. Rxd8 Qxd8 23. Be4 Qa8 24. Re1 g6 25. Kg2 Rd8 26. Qc2 Nd4 27. Bxd4 Rxd4 28. Bxb7 Qxb7+ 29. f3 Qd5 30. Re2 c4 31. bxc4 Rxc4 32. Qd2 Rd4 33. Qc2 Qd7 34. h4 a5 35. Kh3 b4 36. Re3 Rd2 37. Qc4 Rd4 38. Qa6 a4 39. Qb6 Kg7 40. Qc5 Kf7 41. Re4 Rxe4 42. fxe4 b3 43. axb3 axb3 44. Qb6 Qd1 45. Qa7+ Kg8 46. Qe7 Qf1+ 47. Kh2 Qf7 48. Qd8+ Qf8 49. Qb6 Qf7 50. Qxb3  1/2-1/2

[Event "28th 4NCL Congress"]
[Site "Leamington Spa"]
[Date "2022.07.10"]
[Round "5"]
[Board "6"]
[White "Obi, Okwose Marc"]
[Black "Holmes, Matthew A"]
[Result "0-1"]
[WhiteElo "1962"]
[BlackElo "1784"]
[PlyCount "0"]
[EventDate "2022.07.08"]
[EventRounds "5"]
[EventCountry "ENG"]

1. e4 e6 2. d4 d5 3. e5 c5 4. c3 Nc6 5. Nf3 Bd7 6. Bd3 cxd4 7. cxd4 Qb6 8. a3 Nxd4 9. Nc3 Bc5 10. b4 Nxf3+ 11. Qxf3 Bd4 12. Bb2 Qc7 13. Rc1 Qxe5+ 14. Kd2 Qg5+ 15. Ke2 Nf6 16. Rhe1 O-O 17. Kf1 Qg4 18. Bxh7+ Kxh7 19. Qd3+ Kg8 20. Nxd5 Bxb2 21. Ne7+ Kh8 22. Rc2 Bd4 23. Rce2 Bc6 24. Nxc6 bxc6 25. Re4 Nxe4 26. Rxe4 Qg6 27. Qh3+ Kg8 28. Rxd4 Rfd8 29. Rh4 Qb1+  0-1

[Event "28th 4NCL Congress"]
[Site "Leamington Spa"]
[Date "2022.07.10"]
[Round "5"]
[Board "7"]
[White "Nilsson, Adam"]
[Black "Brencher, Paul"]
[Result "0-1"]
[WhiteElo "1766"]
[BlackElo "1959"]
[PlyCount "0"]
[EventDate "2022.07.08"]
[EventRounds "5"]
[EventCountry "ENG"]

1. Nf3 g6 2. d4 Nf6 3. Bf4 d6 4. h3 Bg7 5. e3 O-O 6. Be2 c5 7. c3 Qb6 8. Qb3 Qxb3 9. axb3 Nc6 10. Nbd2 Re8 11. O-O e5 12. dxe5 dxe5 13. Bh2 e4 14. Ne1 Nd5 15. Nc4 Bf8 16. Nc2 Rd8 17. Rfd1 Be6 18. Rd2 Nb6 19. Rad1 Nxc4 20. Bxc4 Bxc4 21. bxc4 Rxd2 22. Rxd2 Rd8 23. Rxd8 Nxd8 24. Kf1 f5 25. g4 Kf7 26. Ke2 Ke6 27. f4 Nc6 28. g5 Na5 29. Na3 a6 30. Kd2 Kd7 31. Bg3 Kc6 32. Kc2 b5 33. cxb5+ axb5 34. Nb1 c4 35. Nd2 Bc5 36. Bf2 Kd5 37. Nb1 Nc6 38. Nd2 Nd8 39. Nb1 Ne6 40. h4 Nxf4 41. exf4 Bxf2 42. Kd1  0-1

[Event "28th 4NCL Congress"]
[Site "Leamington Spa"]
[Date "2022.07.10"]
[Round "5"]
[Board "8"]
[White "Chapman, Philip M"]
[Black "McDonnell, James J"]
[Result "1/2-1/2"]
[WhiteElo "1758"]
[BlackElo "1934"]
[PlyCount "0"]
[EventDate "2022.07.08"]
[EventRounds "5"]
[EventCountry "ENG"]

1. Nf3 Nf6 2. g3 d5 3. d4 c6 4. Bg2 Bf5 5. Nbd2 e6 6. O-O Nbd7 7. Re1 Be7 8. c3 h6 9. Ne5 Nxe5 10. dxe5 Nd7 11. f4 Nc5 12. b4 Ne4 13. Nxe4 Bxe4 14. Bxe4 dxe4 15. Qxd8+ Rxd8 16. Be3 b6 17. a4 c5 18. a5 O-O 19. axb6 axb6 20. Ra7 Rfe8 21. Rb1 Ra8 22. Rxa8 Rxa8 23. bxc5 Bxc5 24. Bxc5 bxc5 25. Kf2 Ra3 26. Rc1 f6 27. Ke3 f5 28. Rc2 Kf7 29. Kd2 Ra7  1/2-1/2

[Event "28th 4NCL Congress"]
[Site "Leamington Spa"]
[Date "2022.07.10"]
[Round "5"]
[Board "9"]
[White "McLachlan, Matthew"]
[Black "Jacob, Sydney J"]
[Result "1/2-1/2"]
[WhiteElo "1795"]
[BlackElo "1899"]
[PlyCount "0"]
[EventDate "2022.07.08"]
[EventRounds "5"]
[EventCountry "ENG"]

1. d4 Nf6 2. Bg5 e6 3. Nd2 d5 4. e3 Be7 5. Bd3 Nbd7 6. f4 b6 7. c3 Bb7 8. Qb1 h6 9. Bxf6 Nxf6 10. Ngf3 Nd7 11. Ne5 Nxe5 12. fxe5 Bg5 13. Ke2 h5 14. Nf3 Bh6 15. Rf1 Qe7 16. b4 O-O-O 17. a4 a6 18. Qa2 g5 19. Nd2 g4 20. Nb3 Qg5 21. Qd2 Qg8 22. a5 b5 23. Bxb5 axb5 24. a6 Ba8 25. Nc5 Bf8 26. Nd3 Be7 27. Qa2 c6 28. a7 Kd7 29. Qa5 Rc8 30. Qb6 Rh7 31. Rf4 Qd8 32. Qa6 Qc7 33. Qa2 Qb6 34. Qc2 Rg7 35. Ra3 Rc7 36. Qa2 Ke8 37. Rf1 Rh7 38. Nf4 Bg5 39. Qc2 Rh6 40. Rfa1 Bxf4  1/2-1/2

[Event "28th 4NCL Congress"]
[Site "Leamington Spa"]
[Date "2022.07.10"]
[Round "5"]
[Board "10"]
[White "Dooley, Max"]
[Black "Fearnhead, Ben"]
[Result "1-0"]
[WhiteElo "1728"]
[BlackElo "1876"]
[PlyCount "0"]
[EventDate "2022.07.08"]
[EventRounds "5"]
[EventCountry "ENG"]

1. e4 e5 2. Nf3 Nf6 3. Nxe5 Nxe4 4. d4 d6 5. Nxf7 Qe7 6. Qe2 Kxf7 7. Be3 g6 8. Qf3+ Nf6 9. Bc4+ Ke8 10. O-O Qg7 11. Re1 Be7 12. Nc3 Rf8 13. Qe2 Nc6 14. b4 a6 15. a4 Bg4 16. f3 Bf5 17. Ra2 Nxb4 18. Bh6 Rf7 19. Bxg7 Rxg7 20. Rb2 a5 21. Be6 c6 22. g4  1-0

[Event "28th 4NCL Congress"]
[Site "Leamington Spa"]
[Date "2022.07.10"]
[Round "5"]
[Board "11"]
[White "Sivanandan, Bodhana"]
[Black "Singleton, Luke"]
[Result "1/2-1/2"]
[WhiteElo "1588"]
[BlackElo "1859"]
[PlyCount "0"]
[EventDate "2022.07.08"]
[EventRounds "5"]
[EventCountry "ENG"]

1. e4 c6 2. Nc3 d5 3. Nf3 dxe4 4. Nxe4 Nf6 5. Qe2 Nxe4 6. Qxe4 Nd7 7. Bc4 Nf6 8. Qe2 Bf5 9. d3 e6 10. Bd2 a5 11. a4 Be7 12. Bc3 Nh5 13. Ne5 Nf4 14. Qf3 Nd5 15. Bxd5 Qxd5 16. Qxd5 exd5 17. Nf3 O-O 18. O-O Rfe8 19. Rfe1 Bd6 20. Rxe8+ Rxe8 21. Bxa5 Bd7 22. Bd2 c5 23. b3 Bg4 24. Re1 Rxe1+ 25. Bxe1 Bxf3 26. gxf3 f5 27. h3 h5 28. Bd2 Be7 29. Kf1 Kf7 30. c3 Ke6 31. f4 d4 32. cxd4 cxd4 33. Ke2 Kd5 34. Kd1 Kc6 35. Kc2 b5 36. Ba5 Bh4 37. f3 Bg3 38. axb5+ Kxb5 39. Bc7 g5 40. Be5 g4 41. fxg4 fxg4 42. hxg4 hxg4 43. Bxd4 Bxf4 44. Bg1 Kb4 45. d4 Bd6 46. d5 g3 47. Kd3 Bc5 48. Bxc5+ Kxc5 49. Ke3 Kxd5 50. Kf3 Kc5 51. Kxg3 Kb4 52. Kf3 Kxb3  1/2-1/2

[Event "28th 4NCL Congress"]
[Site "Leamington Spa"]
[Date "2022.07.10"]
[Round "5"]
[Board "12"]
[White "Burns, Kenneth"]
[Black "Jakhria, Kushal"]
[Result "0-1"]
[WhiteElo "1711"]
[BlackElo "1853"]
[PlyCount "0"]
[EventDate "2022.07.08"]
[EventRounds "5"]
[EventCountry "ENG"]

1. d4 Nf6 2. c4 g6 3. Nc3 d5 4. cxd5 Nxd5 5. e4 Nxc3 6. bxc3 Bg7 7. Bc4 c5 8. Ne2 Nc6 9. Be3 O-O 10. O-O Qc7 11. Bb3 Rd8 12. Rc1 b6 13. Bd5 e6 14. Bxc6 Qxc6 15. Qd2 Qxe4 16. Ng3 Qd5 17. f3 cxd4 18. cxd4 e5 19. Bh6 Qxd4+ 20. Qxd4 exd4 21. Bd2 Be6 22. f4 Bxa2 23. f5 Rac8 24. Rxc8 Rxc8 25. f6 Bf8 26. Re1 Rc2 27. Bf4 Be6 28. h4 Bc5 29. Kh2 a5 30. Bh6 a4 31. h5 a3 32. Ne4 a2 33. Nd2 Bb4  0-1

[Event "28th 4NCL Congress"]
[Site "Leamington Spa"]
[Date "2022.07.10"]
[Round "5"]
[Board "13"]
[White "Figueroa, Edison"]
[Black "Veselow, Zoe"]
[Result "1-0"]
[WhiteElo "1888"]
[BlackElo "1641"]
[PlyCount "0"]
[EventDate "2022.07.08"]
[EventRounds "5"]
[EventCountry "ENG"]

1. e4 c5 2. d4 cxd4 3. c3 d3 4. Bxd3 Nc6 5. c4 e6 6. Nc3 Nf6 7. Nf3 d6 8. O-O Be7 9. Qe2 O-O 10. Rd1 e5 11. h3 Bd7 12. Bg5 Rc8 13. Rac1 Be6 14. b3 a6 15. Bb1 b6 16. Bxf6 Bxf6 17. Nd5 Bxd5 18. cxd5 Nb8 19. Qe3 Nd7 20. Rxc8 Qxc8 21. Rc1 Qb7 22. Rc6 Rc8 23. Qc1 Nc5 24. Rxc8+ Qxc8 25. b4 Qb7 26. bxc5 bxc5 27. Bd3 Qb6 28. Qb1 Qxb1+ 29. Bxb1 Kf8 30. Bd3 a5 31. Bb5 Ke7 32. Nd2 Kd8 33. Nc4 Kc7 34. Bc6 Be7 35. Nxa5 Kb6 36. Nc4+ Ka6 37. Kf1 g6 38. g4 Bf8 39. Ke2 Be7 40. Ke3 Bg5+ 41. Kd3 Be7 42. Kc3 Bf8 43. Kb3 Be7 44. a4 f6 45. a5 Bd8 46. Ka4 Bc7 47. Bb5+ Ka7 48. a6 Bb8 49. Na5 Bc7 50. Nc6+ Ka8 51. Ne7 Kb8 52. Bc6 Bb6 53. Kb5 Ba7 54. Bb7 Kc7 55. f3 h6 56. Nxg6 Bb6 57. Ne7 Ba7 58. Nf5  1-0

[Event "28th 4NCL Congress"]
[Site "Leamington Spa"]
[Date "2022.07.10"]
[Round "5"]
[Board "14"]
[White "Gardner, Phillip K"]
[Black "Chantrell, Paul"]
[Result "1/2-1/2"]
[WhiteElo "1863"]
[BlackElo "1733"]
[PlyCount "0"]
[EventDate "2022.07.08"]
[EventRounds "5"]
[EventCountry "ENG"]

1. e4 e5 2. Nf3 Nc6 3. Bc4 Bc5 4. c3 Nf6 5. d4 exd4 6. cxd4 Bb4+ 7. Bd2 Bxd2+ 8. Nbxd2 d5 9. exd5 Nxd5 10. Qb3 Na5 11. Qa4+ c6 12. Bxd5 Qxd5 13. O-O O-O 14. Rac1 Qb5 15. Qa3 b6 16. b4 Nb7 17. Ne5 Nd8 18. Qc3 Bb7 19. Ndf3 Qd5 20. Rc2 f6 21. Ng4 Nf7 22. Ne3 Qd7 23. Rd1 Rac8 24. Qb3 Kh8 25. Rcd2 Rfd8 26. h3 g6 27. Qb2 Qe7 28. Qb1 Nd6 29. Re1 Qf7 30. a3 Rd7 31. Red1 Nb5 32. Qb2 Kg8 33. Ng4 Kg7 34. a4 Nd6 35. Qc2 Ba6 36. Ne3 Nc4 37. Nxc4 Bxc4 38. Qc3 Re8 39. Rb2  1/2-1/2

[Event "28th 4NCL Congress"]
[Site "Leamington Spa"]
[Date "2022.07.10"]
[Round "5"]
[Board "15"]
[White "Boughen, Andrew"]
[Black "Loog, Tiiu"]
[Result "0-1"]
[WhiteElo "1799"]
[BlackElo "1576"]
[PlyCount "0"]
[EventDate "2022.07.08"]
[EventRounds "5"]
[EventCountry "ENG"]

1. d4 Nf6 2. c4 g6 3. Nc3 Bg7 4. e4 d6 5. Nf3 c6 6. Be2 Bg4 7. Be3 Bxf3 8. Bxf3 Nbd7 9. O-O O-O 10. Rc1 e5 11. d5 c5 12. a3 h5 13. Bg5 Qb6 14. Na4 Qc7 15. b4 b6 16. Nc3 a6 17. Be2 Kh7 18. f4 exf4 19. Rxf4 Bh6 20. Bxh6 Kxh6 21. Qf1 Qd8 22. Qf2 Qe7 23. Rf1 Kg7 24. Qh4 Qe5 25. R1f3 Ng4 26. Qg3 cxb4 27. axb4 a5 28. Nb5 axb4 29. Nxd6 Ra1+ 30. Bf1 f6 31. Nb5 Nc5 32. h3 Nh6 33. Qf2 b3 34. Rxf6 Rxf6 35. Rxf6 Nxe4 36. Rxg6+ Kxg6 37. Qf8 Qf6 38. Qe8+ Kg7 39. Qxe4 Rxf1+ 40. Kh2 Qf4+ 41. Qxf4 Rxf4 42. d6 Nf7 43. Kg3 Rxc4  0-1

[Event "28th 4NCL Congress"]
[Site "Leamington Spa"]
[Date "2022.07.10"]
[Round "5"]
[Board "16"]
[White "Coward, Neil"]
[Black "Jones, Gabriel"]
[Result "0-1"]
[WhiteElo "1787"]
[BlackElo "1501"]
[PlyCount "0"]
[EventDate "2022.07.08"]
[EventRounds "5"]
[EventCountry "ENG"]

1. e4 e5 2. Nf3 Nc6 3. Bc4 Nf6 4. O-O Bc5 5. c3 d6 6. Qe2 O-O 7. h3 Qe7 8. Rd1 a6 9. d4 Ba7 10. Bg5 Bd7 11. Na3 Na5 12. dxe5 dxe5 13. Nxe5 Bxh3 14. Bxf6 Qxf6 15. Ng4 Bxg4 16. Qxg4 Qxf2+ 17. Kh1 Nxc4 18. Nxc4 f5 19. exf5 Rf6 20. Rd3 Re8 21. Qd1 Rh6+ 22. Rh3 Rxh3+ 23. gxh3 Qxf5 24. Qf1 Qe4+ 25. Kh2 b5 26. Na5 Qc2+ 27. Kh1 Re2 28. Qf4 Qd3 29. Qg4 Qd5+  0-1

[Event "28th 4NCL Congress"]
[Site "Leamington Spa"]
[Date "2022.07.10"]
[Round "5"]
[Board "17"]
[White "Prince, Alan R"]
[Black "Passariello, Andrea"]
[Result "0-1"]
[WhiteElo "1730"]
[BlackElo "1766"]
[PlyCount "0"]
[EventDate "2022.07.08"]
[EventRounds "5"]
[EventCountry "ENG"]

1. Nf3 Nf6 2. g3 b6 3. Bg2 Bb7 4. d3 g6 5. O-O c5 6. e4 d6 7. Nbd2 Qc7 8. c3 Nbd7 9. a4 a6 10. Re1 Rb8 11. d4 Bg7 12. e5 dxe5 13. dxe5 Nd5 14. e6 fxe6 15. Ng5 Nf8 16. Nxe6 Nxe6 17. Rxe6 O-O 18. Qb3 Qd7 19. Rxb6 e6 20. Bxd5 Bxd5 21. c4 Rxb6 22. Qxb6 Bd4 23. cxd5 Bxf2+ 24. Kg2 Qxd5+ 25. Kh3 Qh5+ 26. Kg2 Qe2 27. Kh3 Bg1 28. Nf3 Rxf3 29. Qd8+ Rf8 30. Qd2 Qh5+ 31. Kg2 Qxh2#  0-1

[Event "28th 4NCL Congress"]
[Site "Leamington Spa"]
[Date "2022.07.10"]
[Round "5"]
[Board "18"]
[White "Clark, Evan"]
[Black "Winter, Kevin"]
[Result "0-1"]
[WhiteElo "1712"]
[BlackElo "1751"]
[PlyCount "0"]
[EventDate "2022.07.08"]
[EventRounds "5"]
[EventCountry "ENG"]

1. e4 d6 2. d4 Nf6 3. Nc3 Nbd7 4. Nf3 e5 5. Bc4 Be7 6. O-O c6 7. a4 Qc7 8. Re1 h6 9. h3 g5 10. a5 Rg8 11. d5 Nf8 12. a6 b5 13. Bb3 b4 14. Ba4 Bd7 15. dxc6 Bxc6 16. Nd5 Nxd5 17. Qxd5 Rc8 18. Bxc6+ Qxc6 19. Qxc6+ Rxc6 20. Be3 Rc7 21. Ra4 Ne6 22. Rxb4 Kd7 23. Ra1 f6 24. Ra3 d5 25. Rb7 Bxa3 26. bxa3 d4 27. Bd2 Rxb7 28. axb7 Rb8 29. Ne1 Rxb7 30. Nd3 Rb1+ 31. Kh2 Ra1 32. Bb4 Ra2 33. c3 dxc3  0-1

[Event "28th 4NCL Congress"]
[Site "Leamington Spa"]
[Date "2022.07.10"]
[Round "5"]
[Board "19"]
[White "Bott, Simeon"]
[Black "Acharya, Kandara"]
[Result "1-0"]
[WhiteElo "1963"]
[BlackElo "1748"]
[PlyCount "0"]
[EventDate "2022.07.08"]
[EventRounds "5"]
[EventCountry "ENG"]

1. e4 c5 2. Nf3 g6 3. d4 cxd4 4. Qxd4 Nf6 5. e5 Nc6 6. Qa4 Nd5 7. Qe4 Nb6 8. Bf4 Bg7 9. Nc3 O-O 10. O-O-O a5 11. Nb5 Na7 12. Nbd4 d5 13. exd6 exd6 14. Qd3 Bg4 15. h3 Bxf3 16. Qxf3 d5 17. Be2 Nc6 18. Nb5 Qf6 19. c3 Ne5 20. Qg3 Qe7 21. Rhe1 f6 22. Qe3 Qd8 23. Bg4 Nxg4 24. Qe6+ Kh8 25. hxg4 Re8 26. Qf7 Qd7 27. Qxd7 Nxd7 28. Rxe8+ Rxe8 29. Rxd5 Ne5 30. Bxe5 fxe5 31. Nd6 Re7 32. Ne4 Kg8 33. Rxa5 h6 34. a4 Rf7 35. f3 h5 36. gxh5 gxh5 37. Kd1 h4 38. Ke2 b6 39. Ra8+ Bf8 40. Rb8 Ra7 41. b3 Ra6 42. Ng5 b5 43. Rxb5 Rg6 44. f4 exf4 45. Kf3 Be7 46. Ne4  1-0